000 00325 a2200157 4500
001 60268
020 _a
040 _cAnchieta - Pituba
100 _aGuimaraens, Alphonsus de
240 1 0 _aObra completa
_lpor
245 1 0 _aObra completa
300 _a764
362 0 _a1960
650 4 _aPoesia brasileira
942 _cBK
999 _c60268
_d60268